| 000 | 00426nam a2200181Ia 4500 | ||
|---|---|---|---|
| 008 | 210210b2018 xxu||||| |||| 00| 0 eng d | ||
| 020 | _a9788126443215 | ||
| 041 | _aeng | ||
| 082 | _a894.8121 SANT | ||
| 100 | _aSANDHYA (B) | ||
| 245 | _aThiranhedutha Kavithakal | ||
| 260 |
_aKottayam _bD C Books _c2018 |
||
| 300 | _a120 | ||
| 650 | _aThiranhedutha | ||
| 650 | _aKavithakal | ||
| 690 | _aMalayalam | ||
| 906 | _a072395 | ||
| 999 |
_c122209 _d122209 |
||